English for meetings /

Guardado en:
Detalles Bibliográficos
Autor principal: Thomson, Kenneth
Formato: Desconocido
Lenguaje:English
Publicado: Oxford University Press, 2008.
Materias:
Etiquetas: Agregar Etiqueta
Sin Etiquetas, Sea el primero en etiquetar este registro!
Thư viện lưu trữ: Mạng thư viện Đại học Đà Nẵng
LEADER 01126ca a2200289 4500
001 000030561
003 4155
005 20210415103134.0
008 151001s2008 000 eng
020 |a 9780194579346 
041 |a eng 
082 |a 420  |b TH-K 
100 |a Thomson, Kenneth 
245 0 |a English for meetings /  |c Kenneth Thomson. 
260 |a Oxford University Press,  |c 2008. 
300 |a 80p. :  |b mh. ;  |c 24cm+1CD. 
650 |a English  |a meeting  |a English for meetings 
OWN |a LNN 
902 |a TKA 
AVA |a UDN50  |b LNN  |d 420 TH-K  |e available  |t Error 5001 Not defined in file expand_doc_bib_avail.  |f 1  |g 0  |h N  |i 0 
AVA |a UDN50  |b LNN  |c English  |d 420 TH-K  |e available  |t Error 5001 Not defined in file expand_doc_bib_avail.  |f 2  |g 0  |h N  |i 0  |j AN  |k 1 
999 |a From the UDN01 
AVA |a UDN50  |b LNN  |d 420 TH-K  |e available  |t Error 5001 Not defined in file expand_doc_bib_avail.  |f 1  |g 0  |h N  |i 0 
AVA |a UDN50  |b LNN  |c English  |d 420 TH-K  |e available  |t Error 5001 Not defined in file expand_doc_bib_avail.  |f 2  |g 0  |h N  |i 0  |j AN  |k 1 
980 |a Mạng thư viện Đại học Đà Nẵng